000 01835nam0a22002771 4500
001 rc\4221031
005 20250611141037.0
021 _aRU
_b[66-75040]
035 _a(NLR Aleph) 008222048
090 _a8162291
_c8162291
100 _a20130416d1966 |||y0rusy50 ca
101 1 _arus
_cbak
102 _aRU
105 _aa z |||a|
200 1 _aЗемляки
_eПовести и рассказы
_eАвториз. пер. с башк.
210 _aУфа
_cБашкнигоиздат
_d1966
215 _a334 с.
_cил.
_d17
300 _aВ вып. дан. авт.: Агишев Сагит Ишмухаметович
327 1 _aСодерж.: Повести: Земляки; Первые уроки; Рассказы: Солдат Фатхи; Гостеприимство и честь; Дело не в самоваре; Чужая слава; Порядок начинается с порога; Старость; Суфия-ханым; Кандидат; Посылка; Это я сам написал; Хвостик подписи
464 0 _12001#$aЗемляки$eПовесть$aПервые уроки$eПовесть$aСолдат Фатхи$eРассказ$aГостеприимство и честь$eРассказ$aДело не в самоваре$eРассказ$aЧужая слава$eРассказ$aПорядок начинается с порога$eРассказ$aСтарость$eРассказ$aСуфия-ханым$eРассказ$aКандидат$eРассказ$aПосылка$eРассказ$aЭто я сам написал$eРассказ$aХвостик подписи$eРассказ
_tХвостик подписи
700 1 _aАгиш
_bС.
_f1905-1973
_gСагит
801 0 _aRU
_bNLR
_gpsbo
801 1 _aRU
_bELAR
_2rusmarc
852 _aNLR
_j66-2/2842
942 _cBOOK
980 _aNB